[Event "NRW Class2 1516"]
[Site "Germany"]
[Date "2015.12.20"]
[Round "4.7"]
[White "Kevekordes, Peter"]
[Black "Schracke, Guido"]
[Result "1/2-1/2"]
[WhiteElo "1869"]
[BlackElo "2072"]
[PlyCount "27"]
[EventDate "2015.09.27"]
[EventType "team-tourn"]
[EventRounds "9"]
[EventCountry "GER"]
[SourceTitle "EXT 2017"]
[Source "ChessBase"]
[SourceDate "2016.10.25"]
[SourceVersion "1"]
[SourceVersionDate "2016.10.25"]
[SourceQuality "1"]
[WhiteTeam "Sundern"]
[BlackTeam "Niederkassel"]
[WhiteTeamCountry "GER"]
[BlackTeamCountry "GER"]

1. e4 c5 2. Nf3 Nc6 3. Bb5 g6 4. c3 Bg7 5. d4 cxd4 6. cxd4 Qb6 7. Nc3 Nxd4 8. Nd5 Nxf3+ 9. Qxf3 Qd6 10. Bf4 Be5 11. Bxe5 Qxe5 12. Rc1 Rb8 13. 0-0 Nf6 14. Rfd1 1/2-1/2

[Event "NRW Class2 1516"]
[Site "Germany"]
[Date "2015.09.27"]
[Round "1.7"]
[White "Schracke, Guido"]
[Black "Haves, Reinhard"]
[Result "0-1"]
[WhiteElo "2072"]
[BlackElo "2113"]
[PlyCount "68"]
[EventDate "2015.09.27"]
[EventType "team-tourn"]
[EventRounds "9"]
[EventCountry "GER"]
[SourceTitle "EXT 2017"]
[Source "ChessBase"]
[SourceDate "2016.10.25"]
[SourceVersion "1"]
[SourceVersionDate "2016.10.25"]
[SourceQuality "1"]
[WhiteTeam "Niederkassel"]
[BlackTeam "Neuenkirchen"]
[WhiteTeamCountry "GER"]
[BlackTeamCountry "GER"]

1. e4 g6 2. d4 Bg7 3. Nc3 d6 4. Be2 Nc6 5. Be3 e5 6. d5 Nd4 7. Nf3 Nxe2 8. Qxe2 Nf6 9. h3 a6 10. g4 Bd7 11. Nd2 h5 12. g5 Nh7 13. Nf3 Qc8 14. Qf1 0-0 15. Nh4 b5 16. f4 exf4 17. Bxf4 Re8 18. Qf3 Qd8 19. Rf1 Qe7 20. Be3 b4 21. Nd1 Bb5 22. Rf2 Rf8 23. a4 bxa3 24. Rxa3 Nxg5 25. Bxg5 Qxg5 26. Ng2 Rae8 27. Nge3 Qh4 28. c4 Bd7 29. e5 Bxe5 30. Kd2 Bc8 31. Rg2 Bf4 32. Kc2 Bh6 33. Nf5 Bxf5+ 34. Qxf5 Re2+ 0-1

[Event "NRW Class2 1213"]
[Site "Germany"]
[Date "2012.10.21"]
[Round "2.5"]
[White "Ciornei, Dragos"]
[Black "Schracke, Guido"]
[Result "1/2-1/2"]
[WhiteElo "2120"]
[BlackElo "2079"]
[PlyCount "96"]
[EventDate "2012.09.16"]
[EventType "team-tourn"]
[EventRounds "9"]
[EventCountry "GER"]
[SourceTitle "EXT 2017"]
[Source "ChessBase"]
[SourceDate "2016.10.25"]
[SourceVersion "1"]
[SourceVersionDate "2016.10.25"]
[SourceQuality "1"]
[WhiteTeam "Oberhausen"]
[BlackTeam "Niederkassel"]
[WhiteTeamCountry "GER"]
[BlackTeamCountry "GER"]

1. e4 c5 2. Nf3 Nc6 3. d4 cxd4 4. Nxd4 e5 5. Nb5 a6 6. Nd6+ Bxd6 7. Qxd6 Qf6 8. Qd1 Qg6 9. Nc3 Nge7 10. h4 h5 11. Bg5 d5 12. exd5 Nb4 13. Bd3 Nxd3+ 14. Qxd3 Bf5 15. Qc4 Rc8 16. Qb4 f6 17. Be3 Qxg2 18. 0-0-0 Nxd5 19. Qb3 Nxc3 20. bxc3 Qc6 21. Bb6 Be6 22. Qb4 Kf7 23. Kb2 Qf3 24. Rhg1 g6 25. Rd6 Rhe8 26. Rgd1 g5 27. hxg5 fxg5 28. Bd8 Rc4 29. Qa5 b5 30. R1d3 Qf4 31. Qxa6 Ra4 32. Qb7+ Kg6 33. Rxe6+ Rxe6 34. Rf3 Ra7 35. Qxa7 Qxf3 36. Qd7 Qc6 37. Qd2 Qg2 38. Qd3+ Kh6 39. Qf5 Rg6 40. Qf8+ Kh7 41. Qf7+ Kh6 42. Be7 h4 43. Bf8+ Kh5 44. Qh7+ Kg4 45. Qxg6 h3 46. Qe6+ Kh5 47. Qf7+ Kg4 48. Qe6+ Kh5 1/2-1/2

[Event "Rheinland Pfalz op 4th"]
[Site "Altenkirchen"]
[Date "2012.06.08"]
[Round "3"]
[White "Rosenauer, Horst"]
[Black "Schracke, Guido"]
[Result "1-0"]
[WhiteElo "1876"]
[BlackElo "2181"]
[PlyCount "43"]
[EventDate "2012.06.07"]
[EventType "swiss"]
[EventRounds "7"]
[EventCountry "GER"]
[SourceTitle "CBM 148 Extra"]
[Source "ChessBase"]
[SourceDate "2012.06.22"]
[SourceVersion "1"]
[SourceVersionDate "2012.06.22"]
[SourceQuality "1"]

1. e4 d5 2. exd5 Qxd5 3. Nc3 Qd6 4. Nf3 Nf6 5. d4 a6 6. Be2 Nc6 7. 0-0 Bg4 8. Be3 0-0-0 9. Ng5 Be6 10. Nce4 Nxe4 11. Nxe4 Qd5 12. Nc5 Bf5 13. c4 Qd6 14. Qb3 b6 15. Nxa6 Na5 16. Qc3 Qg6 17. c5 Bh3 18. Bf3 e5 19. cxb6 Qxb6 20. Rac1 Rd7 21. dxe5 Qxa6 22. gxh3 1-0

[Event "Mittelrhein-chT 1112"]
[Site "Germany"]
[Date "2011.11.13"]
[Round "4.4"]
[White "Gerdell, Frank"]
[Black "Schracke, Guido"]
[Result "1/2-1/2"]
[WhiteElo "2034"]
[BlackElo "2096"]
[PlyCount "36"]
[EventDate "2011.09.11"]
[EventType "team-tourn"]
[EventRounds "13"]
[EventCountry "GER"]
[SourceTitle "EXT 2013"]
[Source "ChessBase"]
[SourceDate "2012.11.22"]
[SourceVersion "1"]
[SourceVersionDate "2012.11.22"]
[SourceQuality "1"]
[WhiteTeam "Gruenfeld"]
[BlackTeam "Niederkassel"]
[WhiteTeamCountry "GER"]
[BlackTeamCountry "GER"]

1. c4 Nf6 2. Nc3 d6 3. e4 e5 4. g3 Be7 5. Bg2 c6 6. Nge2 h5 7. d4 Nbd7 8. h3 Qc7 9. 0-0 h4 10. g4 Nb6 11. Qd3 Nh7 12. b4 Be6 13. c5 dxc5 14. bxc5 Nd7 15. Be3 exd4 16. Bxd4 f6 17. Na4 Qa5 18. Qc2 Bf7 1/2-1/2

[Event "Mittelrhein-chT 1112"]
[Site "Germany"]
[Date "2011.10.23"]
[Round "3.4"]
[White "Schracke, Guido"]
[Black "Laven, Ralf"]
[Result "1/2-1/2"]
[WhiteElo "2096"]
[BlackElo "2234"]
[PlyCount "20"]
[EventDate "2011.09.11"]
[EventType "team-tourn"]
[EventRounds "13"]
[EventCountry "GER"]
[SourceTitle "EXT 2013"]
[Source "ChessBase"]
[SourceDate "2012.11.22"]
[SourceVersion "1"]
[SourceVersionDate "2012.11.22"]
[SourceQuality "1"]
[WhiteTeam "Niederkassel"]
[BlackTeam "Bruehl"]
[WhiteTeamCountry "GER"]
[BlackTeamCountry "GER"]

1. e4 e5 2. Nf3 Nc6 3. d4 exd4 4. c3 d3 5. Bxd3 d6 6. h3 Be7 7. 0-0 Bf6 8. Re1 Nge7 9. Nbd2 Ne5 10. Nxe5 dxe5 1/2-1/2

[Event "Oberliga Ost-B 1011"]
[Site "Germany"]
[Date "2011.04.09"]
[Round "10.7"]
[White "Schracke, Guido"]
[Black "Taudte, Stefan"]
[Result "1-0"]
[WhiteElo "2185"]
[BlackElo "2071"]
[PlyCount "85"]
[EventDate "2010.10.24"]
[EventType "team-tourn"]
[EventRounds "11"]
[EventCountry "GER"]
[SourceTitle "EXT 2012"]
[Source "ChessBase"]
[SourceDate "2011.11.24"]
[SourceVersion "1"]
[SourceVersionDate "2011.11.24"]
[SourceQuality "1"]
[WhiteTeam "Hungen Lich"]
[BlackTeam "Erfurt Empor"]
[WhiteTeamCountry "GER"]
[BlackTeamCountry "GER"]

1. e4 e6 2. d4 d5 3. e5 c5 4. Nf3 Qb6 5. Bd3 Bd7 6. 0-0 Bb5 7. a3 Bxd3 8. Qxd3 c4 9. Qc3 Nc6 10. Be3 Nge7 11. g4 h5 12. h3 hxg4 13. hxg4 Ng6 14. Kg2 Be7 15. Nbd2 Kd7 16. Rh1 f5 17. exf6 gxf6 18. Nxc4 Qc7 19. Rxh8 Rxh8 20. Ncd2 Nf4+ 21. Bxf4 Qxf4 22. Rg1 e5 23. dxe5 fxe5 24. Kf1 Rf8 25. Qd3 Nd4 26. Rg3 Rf7 27. c3 Ke6 28. cxd4 e4 29. Qe2 Kd6 30. Ne5 Rh7 31. Kg2 Bf6 32. Qe3 Bxe5 33. dxe5+ Qxe5 34. b4 Qa1 35. Rh3 Rxh3 36. Qxh3 Qg7 37. Qg3+ Kc6 38. g5 Qg6 39. Nb3 Kb5 40. Qe5 Kc4 41. Na5+ Kd3 42. Qxd5+ Ke2 43. Nc4 1-0

[Event "Oberliga Ost-B 1011"]
[Site "Germany"]
[Date "2011.02.27"]
[Round "8.7"]
[White "Schracke, Guido"]
[Black "Mayer, Frank1111"]
[Result "1/2-1/2"]
[WhiteElo "2185"]
[BlackElo "2162"]
[PlyCount "50"]
[EventDate "2010.10.24"]
[EventType "team-tourn"]
[EventRounds "11"]
[EventCountry "GER"]
[SourceTitle "EXT 2012"]
[Source "ChessBase"]
[SourceDate "2011.11.24"]
[SourceVersion "1"]
[SourceVersionDate "2011.11.24"]
[SourceQuality "1"]
[WhiteTeam "Hungen Lich"]
[BlackTeam "Wiesbaden"]
[WhiteTeamCountry "GER"]
[BlackTeamCountry "GER"]

1. e4 c6 2. Bc4 d5 3. Bb3 dxe4 4. Qh5 e6 5. f3 Nf6 6. Qh4 Bc5 7. Nc3 a5 8. fxe4 Bxg1 9. Rxg1 a4 10. e5 axb3 11. exf6 Qxf6 12. Qxf6 gxf6 13. cxb3 Na6 14. d4 Nb4 15. Kd2 Ra5 16. a3 Na6 17. Kd3 Rf5 18. Be3 h5 19. Raf1 Rxf1 20. Rxf1 Rg8 21. Rf2 Nc7 22. Bf4 Nd5 23. Bg3 Rg4 24. Nxd5 exd5 25. Bf4 Bf5+ 1/2-1/2

[Event "Oberliga Ost-B 0809"]
[Site "Germany"]
[Date "2009.03.01"]
[Round "8.4"]
[White "Schaefer, Michael"]
[Black "Schracke, Guido"]
[Result "0-1"]
[WhiteElo "2183"]
[BlackElo "2185"]
[PlyCount "100"]
[EventDate "2008.10.26"]
[EventType "team-tourn"]
[EventRounds "11"]
[EventCountry "GER"]
[SourceTitle "EXT 2010"]
[Source "ChessBase"]
[SourceDate "2010.11.25"]
[SourceVersion "1"]
[SourceVersionDate "2010.11.25"]
[SourceQuality "1"]
[WhiteTeam "Moerlenbach"]
[BlackTeam "Hungen Lich"]
[WhiteTeamCountry "GER"]
[BlackTeamCountry "GER"]

1. g3 d5 2. Bg2 e6 3. Nf3 Bd6 4. 0-0 Ne7 5. d4 Ng6 6. c4 c6 7. b3 Nd7 8. Nc3 h5 9. h4 Nf6 10. Qc2 Qc7 11. e4 dxe4 12. Nxe4 Nxe4 13. Qxe4 Bd7 14. Bg5 Be7 15. Rac1 Qa5 16. Rc2 Rd8 17. c5 Bc8 18. Nd2 Qc7 19. Bxe7 Nxe7 20. Bh3 0-0 21. Nc4 Nf5 22. Rd2 b5 23. Ne5 Rd5 24. Bxf5 exf5 25. Qe2 Rfd8 26. Rfd1 f4 27. gxf4 f6 28. Qxh5 fxe5 29. fxe5 Qf7 30. Qxf7+ Kxf7 31. f3 Bf5 32. Kf2 a5 33. Ke3 Rh8 34. Rh1 Rd7 35. Rg2 Rh6 36. h5 Ke6 37. Rg5 g6 38. Rh4 Rd8 39. Rh2 Rdh8 40. Kf4 Rxh5 41. Rgxh5 Rxh5 42. Rxh5 gxh5 43. Kg5 b4 44. Kxh5 Bb1 45. Kg5 Bxa2 46. f4 Bb1 47. d5+ cxd5 48. c6 Bc2 49. f5+ Bxf5 50. c7 Kxe5 0-1

[Event "Oberliga Ost-B 0809"]
[Site "Germany"]
[Date "2008.10.26"]
[Round "1.4"]
[White "Braeuner, Uwe"]
[Black "Schracke, Guido"]
[Result "1/2-1/2"]
[WhiteElo "2137"]
[BlackElo "2185"]
[PlyCount "89"]
[EventDate "2008.10.26"]
[EventType "team-tourn"]
[EventRounds "11"]
[EventCountry "GER"]
[SourceTitle "EXT 2010"]
[Source "ChessBase"]
[SourceDate "2010.11.25"]
[SourceVersion "1"]
[SourceVersionDate "2010.11.25"]
[SourceQuality "1"]
[WhiteTeam "Erfurt SK II"]
[BlackTeam "Hungen Lich"]
[WhiteTeamCountry "GER"]
[BlackTeamCountry "GER"]

1. d4 Nf6 2. Nf3 d5 3. Bf4 e6 4. e3 Bd6 5. Nbd2 b6 6. c3 0-0 7. Bd3 c5 8. Qe2 Bb7 9. Ne5 Ne4 10. Bg3 f6 11. Nef3 Qe7 12. Bxd6 Nxd6 13. e4 cxd4 14. cxd4 dxe4 15. Nxe4 Nc6 16. a3 Nf5 17. 0-0 Ncxd4 18. Nxd4 Nxd4 19. Qh5 g6 20. Qh6 Rad8 21. Rad1 Nf5 22. Qh3 Rd4 23. Ng3 Nxg3 24. Qxg3 Rfd8 25. Bc2 e5 26. h4 Kh8 27. Rxd4 Rxd4 28. Re1 Bd5 29. Bd1 Qd7 30. Be2 Qf5 31. Rc1 Qd7 32. h5 gxh5 33. Bxh5 Be6 34. Bf3 Bf5 35. Rc6 Rd1+ 36. Kh2 Rd6 37. Rc4 Qg7 38. Qh4 Qf7 39. Bh5 Qe7 40. Bg4 Qd7 41. Qh6 Kg8 42. Bxf5 Qxf5 43. Rc7 Qg6 44. Qxg6+ hxg6 45. Rxa7 1/2-1/2

[Event "Oberliga Ost-B 0607"]
[Site "Germany"]
[Date "2007.02.24"]
[Round "6.7"]
[White "Schracke, Guido"]
[Black "Schulze, Manfred"]
[Result "1-0"]
[WhiteElo "2227"]
[BlackElo "2035"]
[PlyCount "105"]
[EventDate "2006.10.15"]
[EventType "team-tourn"]
[EventRounds "11"]
[EventCountry "GER"]
[SourceTitle "EXT 2008"]
[Source "ChessBase"]
[SourceDate "2007.11.25"]
[SourceVersion "1"]
[SourceVersionDate "2007.11.25"]
[SourceQuality "1"]
[WhiteTeam "Hungen Lich"]
[BlackTeam "Steinbach"]
[WhiteTeamCountry "GER"]
[BlackTeamCountry "GER"]

1. e4 e5 2. Nf3 Nf6 3. Nc3 Bb4 4. a3 Bxc3 5. dxc3 d6 6. Bg5 Be6 7. Bd3 Nbd7 8. b4 h6 9. Bh4 Nf8 10. Nd2 Ng6 11. Bg3 h5 12. f3 h4 13. Bf2 Nf4 14. Bf1 h3 15. g4 Ng2+ 16. Bxg2 hxg2 17. Rg1 Rxh2 18. Bg3 Rh1 19. Kf2 Qd7 20. Kxg2 Rxg1+ 21. Qxg1 Qa4 22. Qd1 0-0-0 23. c4 Rh8 24. c3 Qe8 25. a4 g6 26. Qg1 Qf8 27. Qe3 Nd7 28. a5 f5 29. exf5 gxf5 30. gxf5 Qxf5 31. Ne4 Bxc4 32. Qxa7 Bd5 33. Qe3 Rg8 34. b5 Qf4 35. Re1 Bxe4 36. fxe4 Nc5 37. Kh2 Rh8+ 38. Kg2 Rg8 39. Kh2 Qf7 40. Qe2 Ne6 41. Qf1 Qg7 42. Re3 Rh8+ 43. Kg1 Qg5 44. Rf3 Nf4 45. a6 Kb8 46. Kf2 Nh5 47. Qd3 Rg8 48. Qd5 c6 49. Qxd6+ Ka7 50. Qc5+ Ka8 51. axb7+ Kxb7 52. Qxc6+ Ka7 53. Rf7+ 1-0

[Event "Oberliga Ost-B 0506"]
[Site "Germany"]
[Date "2006.01.28"]
[Round "6.3"]
[White "Aepfler, Christian"]
[Black "Schracke, Guido"]
[Result "0-1"]
[WhiteElo "2268"]
[BlackElo "2234"]
[PlyCount "84"]
[EventDate "2005.11.13"]
[EventType "team-tourn"]
[EventRounds "11"]
[EventCountry "GER"]
[SourceTitle "EXT 2007"]
[Source "ChessBase"]
[SourceDate "2006.11.23"]
[SourceVersion "1"]
[SourceVersionDate "2006.11.23"]
[SourceQuality "1"]
[WhiteTeam "Erfurt Medizin"]
[BlackTeam "Hungen Lich"]
[WhiteTeamCountry "GER"]
[BlackTeamCountry "GER"]

1. e4 c6 2. d4 g6 3. Nf3 Bg7 4. Nc3 d6 5. Be2 Nf6 6. a4 h5 7. h3 Nbd7 8. Bf4 Qa5 9. 0-0 Nf8 10. e5 dxe5 11. Nxe5 Ne6 12. Be3 0-0 13. Qb1 Rd8 14. Qa2 Nd5 15. Nxd5 cxd5 16. f4 Nf8 17. Bd3 f5 18. Qb3 Bd7 19. Qxb7 Rab8 20. b4 Qxb4 21. Qxd5+ e6 22. Qa2 Qa5 23. Bc4 Qc3 24. Bd3 Be8 25. Qa3 Qc7 26. Qc5 Qxc5 27. dxc5 Bxe5 28. fxe5 Bc6 29. Bc4 Kf7 30. g4 hxg4 31. hxg4 Rb4 32. Be2 Nd7 33. c3 Re4 34. Kf2 Nxe5 35. gxf5 exf5 36. a5 Kf6 37. Rad1 Rh8 38. Rd6+ Kf7 39. Rd4 Rh2+ 40. Kg3 Rxe2 41. Rxe4 Bxe4 42. Kf4 Nd3+ 0-1

[Event "Oberliga Ost-B 0405"]
[Site "Germany"]
[Date "2005.04.10"]
[Round "11.4"]
[White "Wendel, Stefan"]
[Black "Schracke, Guido"]
[Result "1/2-1/2"]
[WhiteElo "2208"]
[BlackElo "2208"]
[PlyCount "35"]
[EventDate "2004.10.10"]
[EventType "team-tourn"]
[EventRounds "11"]
[EventCountry "GER"]
[SourceTitle "EXT 2006"]
[Source "ChessBase"]
[SourceDate "2005.11.24"]
[SourceVersion "1"]
[SourceVersionDate "2005.11.24"]
[SourceQuality "1"]
[WhiteTeam "Frankfurt BvK"]
[BlackTeam "Hungen Lich"]
[WhiteTeamCountry "GER"]
[BlackTeamCountry "GER"]

1. e4 c5 2. Nf3 Nc6 3. Bb5 g6 4. 0-0 Bg7 5. c3 Nf6 6. e5 Nd5 7. d4 cxd4 8. cxd4 0-0 9. Nc3 Nc7 10. Bf4 Nxb5 11. Nxb5 Qb6 12. Qb3 a6 13. Nc3 Qxb3 14. axb3 Nb4 15. Rfd1 b6 16. d5 Bb7 17. Ra4 a5 18. Be3 1/2-1/2

[Event "Oberliga Ost-B 0405"]
[Site "Germany"]
[Date "2005.01.16"]
[Round "7.4"]
[White "Fiedler, Torsten"]
[Black "Schracke, Guido"]
[Result "1-0"]
[WhiteElo "2328"]
[BlackElo "2208"]
[PlyCount "73"]
[EventDate "2004.10.10"]
[EventType "team-tourn"]
[EventRounds "11"]
[EventCountry "GER"]
[SourceTitle "EXT 2006"]
[Source "ChessBase"]
[SourceDate "2005.11.24"]
[SourceVersion "1"]
[SourceVersionDate "2005.11.24"]
[SourceQuality "1"]
[WhiteTeam "Erfurt SK II"]
[BlackTeam "Hungen Lich"]
[WhiteTeamCountry "GER"]
[BlackTeamCountry "GER"]

1. d4 Nf6 2. c4 d6 3. Nf3 Nbd7 4. Nc3 e5 5. e4 Be7 6. Be2 c6 7. 0-0 0-0 8. Qc2 Re8 9. Rd1 Qc7 10. Rb1 Bf8 11. b4 a6 12. dxe5 Nxe5 13. Nxe5 dxe5 14. c5 Be6 15. Na4 Rad8 16. Bg5 Be7 17. Nb6 Rxd1+ 18. Rxd1 Rd8 19. Bxf6 Bxf6 20. Bc4 Qe7 21. h3 Rd4 22. Rxd4 exd4 23. f4 g5 24. e5 Bxc4 25. Nxc4 gxf4 26. Qf5 Bg7 27. Qxf4 b5 28. cxb6 Qxb4 29. Qxd4 h5 30. Qd8+ Kh7 31. Qh4 Bh6 32. Kh2 Qb5 33. Qe4+ Kg7 34. h4 Kf8 35. Kh3 Bg7 36. Qd3 Kg8 37. Qb3 1-0

[Event "Oberliga Ost-B 0405"]
[Site "Germany"]
[Date "2005.01.15"]
[Round "6.5"]
[White "Schlachetka, Werner"]
[Black "Schracke, Guido"]
[Result "0-1"]
[WhiteElo "2154"]
[BlackElo "2208"]
[PlyCount "70"]
[EventDate "2004.10.10"]
[EventType "team-tourn"]
[EventRounds "11"]
[EventCountry "GER"]
[SourceTitle "EXT 2006"]
[Source "ChessBase"]
[SourceDate "2005.11.24"]
[SourceVersion "1"]
[SourceVersionDate "2005.11.24"]
[SourceQuality "1"]
[WhiteTeam "Jena Glas"]
[BlackTeam "Hungen Lich"]
[WhiteTeamCountry "GER"]
[BlackTeamCountry "GER"]

1. e4 c5 2. Nc3 e6 3. g3 Nc6 4. Bg2 Nf6 5. f4 d5 6. e5 Nd7 7. d3 a6 8. a4 Be7 9. Nf3 0-0 10. 0-0 Rb8 11. Ne2 b5 12. axb5 axb5 13. c3 d4 14. g4 Bb7 15. Ng3 dxc3 16. bxc3 b4 17. c4 Ra8 18. Bb2 Qb6 19. Qe2 Na5 20. f5 Nb3 21. Rxa8 Rxa8 22. g5 Ra2 23. f6 Bf8 24. fxg7 Bxg7 25. Nh5 Qd8 26. Nf6+ Kh8 27. Qc2 Bxf3 28. Qxb3 Bxg2 29. Qxa2 Bxf1 30. Kxf1 Nxf6 31. exf6 Qxd3+ 32. Ke1 Qe4+ 33. Kf2 Bf8 34. Bc1 Kg8 35. Kg1 Qe1+ 0-1

[Event "Oberliga Ost-B 0405"]
[Site "Germany"]
[Date "2004.12.12"]
[Round "5.5"]
[White "Schracke, Guido"]
[Black "Alber, Horst"]
[Result "1/2-1/2"]
[WhiteElo "2208"]
[BlackElo "2387"]
[PlyCount "41"]
[EventDate "2004.10.10"]
[EventType "team-tourn"]
[EventRounds "11"]
[EventCountry "GER"]
[SourceTitle "EXT 2006"]
[Source "ChessBase"]
[SourceDate "2005.11.24"]
[SourceVersion "1"]
[SourceVersionDate "2005.11.24"]
[SourceQuality "1"]
[WhiteTeam "Hungen Lich"]
[BlackTeam "Schoeneck"]
[WhiteTeamCountry "GER"]
[BlackTeamCountry "GER"]

1. e4 e6 2. d4 d5 3. e5 c5 4. Nf3 cxd4 5. Bd3 Nc6 6. 0-0 Qc7 7. Bf4 Bd7 8. a3 f5 9. b4 Nh6 10. Re1 Nf7 11. h4 g6 12. Nbd2 Bg7 13. Qe2 Qd8 14. Nb3 0-0 15. g3 Rc8 16. Rac1 Qb6 17. Nc5 Rfd8 18. h5 a5 19. Na4 Qc7 20. b5 Ne7 21. Qd2 1/2-1/2

[Event "Oberliga Ost-B 0405"]
[Site "Germany"]
[Date "2004.11.14"]
[Round "3.4"]
[White "Wohlfart, Paulus"]
[Black "Schracke, Guido"]
[Result "0-1"]
[WhiteElo "2268"]
[BlackElo "2208"]
[PlyCount "56"]
[EventDate "2004.10.10"]
[EventType "team-tourn"]
[EventRounds "11"]
[EventCountry "GER"]
[SourceTitle "EXT 2006"]
[Source "ChessBase"]
[SourceDate "2005.11.24"]
[SourceVersion "1"]
[SourceVersionDate "2005.11.24"]
[SourceQuality "1"]
[WhiteTeam "Moerlenbach"]
[BlackTeam "Hungen Lich"]
[WhiteTeamCountry "GER"]
[BlackTeamCountry "GER"]

1. d4 Nf6 2. c4 d6 3. Nc3 e5 4. d5 Nbd7 5. e4 Nc5 6. Bd3 a5 7. Nge2 Be7 8. 0-0 0-0 9. f3 Ne8 10. Be3 b6 11. Bc2 g6 12. Bh6 Ng7 13. Qd2 Bd7 14. b3 f5 15. exf5 gxf5 16. f4 e4 17. Nd4 Rf6 18. Bg5 Rg6 19. Bxe7 Qxe7 20. Nd1 Kf7 21. Ne3 Qf6 22. a3 Ke7 23. b4 axb4 24. axb4 Rxa1 25. Rxa1 Nd3 26. Nb3 Nxf4 27. Rf1 Ngh5 28. Nd4 Qxd4 0-1

[Event "BL2-Ost 0304"]
[Site "Germany"]
[Date "2004.??.??"]
[Round "?.6"]
[White "Schracke, Guido"]
[Black "Malek, Daniel"]
[Result "1/2-1/2"]
[WhiteElo "2190"]
[BlackElo "2255"]
[PlyCount "63"]
[EventDate "2003.10.??"]
[EventType "team-tourn"]
[EventRounds "8"]
[EventCountry "GER"]
[SourceTitle "CBM 100 Extra"]
[Source "ChessBase"]
[SourceDate "2004.07.06"]
[SourceVersion "2"]
[SourceVersionDate "2004.07.06"]
[SourceQuality "1"]
[WhiteTeam "Zeitnot Hungen-Lich"]
[BlackTeam "Oberursel"]
[WhiteTeamCountry "GER"]
[BlackTeamCountry "GER"]

1. e4 c6 2. d4 d5 3. f3 dxe4 4. fxe4 e5 5. Nf3 exd4 6. Bc4 Qc7 7. 0-0 Bg4 8. Bg5 f6 9. Bh4 Bd6 10. h3 Bh5 11. Qe1 Bxf3 12. Rxf3 Nd7 13. Rf1 0-0-0 14. Bf2 Be5 15. Nd2 Kb8 16. a4 g5 17. Nf3 Nb6 18. Nxe5 fxe5 19. Be6 Qd6 20. Bf5 Ne7 21. Bg3 Nc4 22. Rf3 Ne3 23. Rxe3 dxe3 24. Qc3 Ka8 25. Bxe5 Qd2 26. Bxh8 Qf2+ 27. Kh2 Nxf5 28. Qf6 Qf4+ 29. Kg1 Qf2+ 30. Kh2 Qf4+ 31. Kg1 Qf2+ 32. Kh2 1/2-1/2

[Event "BL2-Ost 0304"]
[Site "Germany"]
[Date "2004.??.??"]
[Round "?.6"]
[White "Wegener, Dirk"]
[Black "Schracke, Guido"]
[Result "1-0"]
[WhiteElo "2355"]
[BlackElo "2190"]
[PlyCount "77"]
[EventDate "2003.10.??"]
[EventType "team-tourn"]
[EventRounds "8"]
[EventCountry "GER"]
[SourceTitle "CBM 100 Extra"]
[Source "ChessBase"]
[SourceDate "2004.07.06"]
[SourceVersion "2"]
[SourceVersionDate "2004.07.06"]
[SourceQuality "1"]
[WhiteTeam "Dresden SC"]
[BlackTeam "Zeitnot Hungen-Lich"]
[WhiteTeamCountry "GER"]
[BlackTeamCountry "GER"]

1. e4 c5 2. Nf3 Nc6 3. d4 cxd4 4. Nxd4 e5 5. Nb5 a6 6. Nd6+ Bxd6 7. Qxd6 Qf6 8. Qc7 Nge7 9. Nc3 b5 10. Be3 0-0 11. 0-0-0 Nd4 12. f4 d6 13. f5 Bxf5 14. exf5 Rac8 15. Qb7 Nexf5 16. Nd5 Qh4 17. g3 Rxc2+ 18. Kb1 Qg4 19. Bd3 Rc5 20. h3 Qf3 21. Nf6+ gxf6 22. Qxf3 Nxf3 23. Bxc5 Nxg3 24. Bxd6 Nxh1 25. Bxf8 Nf2 26. Be2 Nxd1 27. Bxf3 Nf2 28. Bc5 Nd3 29. b4 f5 30. Bb7 f4 31. Bxa6 f3 32. Bxb5 Nf4 33. a4 e4 34. a5 Nd3 35. Bc6 f2 36. Bxf2 Nxb4 37. Bxe4 Kg7 38. Bc5 Na6 39. Bd6 1-0